Norms at work: challenging homophobia and heteronormativity

সংরক্ষণ করুন:
গ্রন্থ-পঞ্জীর বিবরন
প্রধান লেখক: Martinsson, Lena
সংস্থা লেখক: Transnantional Cooperation for Equality
অন্যান্য লেখক: Reimers, Eva, Reingarde, Jolanta, Lundgren, Anna Sofia
বিন্যাস: গ্রন্থ
ভাষা:ইংরেজি
প্রকাশিত: Transnantional Cooperation for Equality 2007
ট্যাগগুলো: ট্যাগ যুক্ত করুন
কোনো ট্যাগ নেই, প্রথমজন হিসাবে ট্যাগ করুন!

MARC

LEADER 00000nam a2200000 4500
005 20240529200947.0
008 240529b |||||||| |||| 00| 0 eng d
020 |a 9789197609678 
040 |c GP 
100 |a Martinsson, Lena 
110 |a Transnantional Cooperation for Equality 
245 |a Norms at work: challenging homophobia and heteronormativity 
260 |b Transnantional Cooperation for Equality  |c 2007 
700 |a Reimers, Eva 
700 |a Reingarde, Jolanta 
700 |a Lundgren, Anna Sofia 
942 |2 ddc  |c BK  |n 0 
952 |0 0  |1 0  |2 ddc  |4 0  |6 306_766100000000000_TRA  |7 1  |9 1332  |a RM  |b RM  |d 2024-05-29  |l 0  |o 306.7661 TRA  |p 166  |r 2024-05-29 20:10:03  |w 2024-05-29  |y BK 
999 |c 1229  |d 1229